书目信息 |
| 题名: |
人工智能伦理学
|
|
| 作者: | 考科尔伯格 著 ;周薇薇 , 陈海霞 译 | |
| 分册: | ||
| 出版信息: | 上海 上海交通大学出版社 2023.03 |
|
| 页数: | 166页 | |
| 开本: | 21cm | |
| 丛书名: | 人工智能伦理译丛 | |
| 单 册: | ||
| 中图分类: | TP18 , B82-057 | |
| 科图分类: | ||
| 主题词: | 人工智能--ren gong zhi neng--技术伦理学--研究 | |
| 电子资源: | ||
| ISBN: | 978-7-313-25973-8 | |
| 000 | 01746nam 2200337 450 | |
| 001 | 96139 | |
| 005 | 20250911171514.48 | |
| 010 | @a978-7-313-25973-8@dCNY58.00 | |
| 100 | @a20230426d2023 em y0chiy50 ea | |
| 101 | 1 | @achi@cger |
| 102 | @aCN@b310000 | |
| 105 | @ay a 001yy | |
| 106 | @ar | |
| 200 | 1 | @a人工智能伦理学@Aren gong zhi neng lun li xue@f(奥) 马克·考科尔伯格著@g周薇薇, 陈海霞译 |
| 210 | @a上海@c上海交通大学出版社@d2023.03 | |
| 215 | @a166页@d21cm | |
| 225 | 2 | @a人工智能伦理译丛@Aren gong zhi neng lun li yi cong |
| 312 | @a英文题名取自封面 | |
| 314 | @a杜严勇, 1976年10月生, 现任同济大学人文学院特聘教授、博士生导师。周薇薇, 哈尔滨工程大学外国语学院副教授, 多年来从事学术英语教学及翻译实践工作。陈海霞, 哈尔滨工程大学外国语学院副教授, 多年来从事科技翻译及学术英语教学工作, 教育部学位中心论文评审专家, 国研评审中心论文评审专家。 | |
| 320 | @a有书目 (第147-158页) 和索引 | |
| 330 | @a本书描述了有影响力的人工智能故事, 从弗兰肯斯坦的怪物到超人文主义和技术奇点 ; 调查了相关的哲学讨论: 关于人和机器之间根本区别的问题以及关于人工智能道德地位的争论 ; 解释了人工智能的技术, 描述了不同的方法, 并专注于机器学习和数据科学 ; 概述了重要的伦理问题, 包括隐私问题、责任和决策授权、透明度以及数据科学过程各个阶段出现的偏见 ; 还考虑了人工智能经济中工作的未来 ; 最后, 分析了一系列政策建议, 并讨论了政策制定者面临的挑战。 | |
| 410 | 0 | @12001 @a人工智能伦理译丛 |
| 510 | 1 | @aEthics of artficial intelligence@zeng |
| 606 | 0 | @a人工智能@Aren gong zhi neng@x技术伦理学@x研究 |
| 690 | @aTP18@v5 | |
| 690 | @aB82-057@v5 | |
| 701 | 1 | @a考科尔伯格@Akao ke er bo ge@b马克@4著 |
| 702 | 0 | @a周薇薇@Azhou wei wei@4译 |
| 702 | 0 | @a陈海霞@Achen hai xia@4译 |
| 801 | 0 | @aCN@c20250909 |
| 905 | @a河南城建学院图书馆@dTP18@eK319@f3 | |
| 人工智能伦理学/(奥) 马克·考科尔伯格著/周薇薇, 陈海霞译.-上海:上海交通大学出版社,2023.03 |
| 166页;21cm.-(人工智能伦理译丛) |
| ISBN 978-7-313-25973-8:CNY58.00 |
| 本书描述了有影响力的人工智能故事, 从弗兰肯斯坦的怪物到超人文主义和技术奇点 ; 调查了相关的哲学讨论: 关于人和机器之间根本区别的问题以及关于人工智能道德地位的争论 ; 解释了人工智能的技术, 描述了不同的方法, 并专注于机器学习和数据科学 ; 概述了重要的伦理问题, 包括隐私问题、责任和决策授权、透明度以及数据科学过程各个阶段出现的偏见 ; 还考虑了人工智能经济中工作的未来 ; 最后, 分析了一系列政策建议, 并讨论了政策制定者面临的挑战。 |
| ● |
| 相关链接 |
|
|
|
正题名:人工智能伦理学
索取号:TP18/K319
 
预约/预借
| 序号 | 登录号 | 条形码 | 馆藏地/架位号 | 状态 | 备注 |
| 1 | 1630314 | 216303140 | 自科库301/301自科库 101排9列4层/ [索取号:TP18/K319] | 在馆 | |
| 2 | 1630315 | 216303159 | 自科库301/301自科库 101排9列4层/ [索取号:TP18/K319] | 在馆 | |
| 3 | 1630316 | 216303168 | 自科库301/301自科库 101排9列4层/ [索取号:TP18/K319] | 在馆 |